Bài giảng kỹ thuật - phương pháp dạy học
Wedi'i Gadw mewn:
| Prif Awdur: | |
|---|---|
| Fformat: | Llyfr |
| Cyhoeddwyd: |
Đồng Tháp
Trường ĐH Đồng Tháp
|
| Pynciau: | |
| Tagiau: |
Ychwanegu Tag
Dim Tagiau, Byddwch y cyntaf i dagio'r cofnod hwn!
|
| Thư viện lưu trữ: | Trung tâm Học liệu Lê Vũ Hùng, Trường Đại học Đồng Tháp |
|---|
| LEADER | 00768pam a22002298a 4500 | ||
|---|---|---|---|
| 001 | 00024188 | ||
| 005 | 20171026081025.0 | ||
| 008 | 110713s ||||||Viesd | ||
| 041 | 0 | # | |a Vie |
| 082 | |a 372.5 |b B103GI | ||
| 100 | 0 | # | |a Lê Thị Mỹ Trà |
| 245 | 0 | 0 | |a Bài giảng kỹ thuật - phương pháp dạy học |c Lê Thị Mỹ Trà |
| 260 | # | # | |b Trường ĐH Đồng Tháp |a Đồng Tháp |
| 300 | # | # | |c 19 cm. |a 200 tr. |
| 653 | # | # | |a Kỹ thuật |
| 653 | # | # | |a thủ công |
| 653 | # | # | |a Phương pháp dạy |
| 852 | # | # | |b Kho giáo trình |j KGT.0010304 |
| 852 | # | # | |j KGT.0010304 |
| 852 | # | # | |b Kho mượn |j KGT.0010304 |
| 910 | |d 13/07/2011 | ||
| 980 | # | # | |a Trung tâm Học liệu Lê Vũ Hùng, Trường Đại học Đồng Tháp |